000
00322nam a22001337a 4500
008
180910b xxu||||| |||| 00| 0 eng d
020
_a
0135584531
041
_a
eng
080
_2
4 ED
_a
339.138
100
_a
61
101
_a
MAR
245
_a
Marketing Mnagemnet And Stretegy A reader
_c
Kotler.P
942
_2
udc
_c
BK
999
_c
47620
_d
47620